Normal view
MARC view
- water and Wasterwater Engineering Design Principles and Practice
Entry Topical Term
001 - CONTROL NUMBER
- control field: 4104
003 - CONTROL NUMBER IDENTIFIER
- control field: JO-AjAnu
005 - DATE AND TIME OF LATEST TRANSACTION
- control field: 20230606070955.0
008 - FIXED-LENGTH DATA ELEMENTS
- fixed length control field: 230606|| aca||aabn | a|a d
040 ## - CATALOGING SOURCE
- Original cataloging agency: JO-AjAnu
- Transcribing agency: JO-AjAnu
150 ## - HEADING--TOPICAL TERM
- Topical term or geographic name entry element: water and Wasterwater Engineering Design Principles and Practice
670 ## - SOURCE DATA FOUND
- Source citation: Work cat.: (JO-AjAnu)2134: Davis,mackenzie, author 4103, water and Wasterwater Engineering Design Principles and Practice